000 00880nam a22002177a 4500
005 20240530110342.0
008 141113s2012 le gr 000 0 ara d
020 _a9789953824901
040 _aEG-CaGPL
082 0 4 _221
_a320.9/
_bم إ
100 0 _aمحمد عبدالله ابو مطر
245 1 0 _aاصلاح النظام السياسى الفلسطينى :
_bبين المطالب الداخلية والضغوطات الخارجية /
_cمحمد عبدالله ابو مطر
250 _aط1
260 _aبيروت :
_bمركز دراسات الوحدة العربية ،
_c2012
300 _a423 ص ؛
_c24 سم
490 _aسلسلة اطروحات الدكتوراه ؛
_v102
650 0 4 _aحركات التحرير
_xحماس
650 0 4 _aالنظم السياسية
_xفلسطين
650 0 4 _aالاصلاح السياسى
_xفلسطين
942 _2ddc
_cBK
999 _c59893
_d59893